Wiedza historyczna-dla kolegi Ignacego - Statystyki

Ogólne statystyki
  • Ten quiz został rozwiązany 201 razy
  • Średni wynik to 5 z 17
Statystyki odpowiedzi
Ciekawostka Postać % Poprawnych
Rzymski polityk (wódz) zabity przez spiskowców Juliusz Cezar
83%
Byli braćmi bliźniakami i legendarnymi założycielami Rzymu Romulus i Remus
75%
"Zastał Polske drewnianą a zostawił murowaną" Kazimierz Wielki
62%
Bronił wąwozu pod Termopilami Leonidas
59%
Był władcą Babiloni Hammurabi
55%
Pierwszy papież i Biskup Rzymu Św. Piotr
46%
Najpierw prześladował chrześcijan ale potem głosił chrzescijaństwo Św. Paweł
22%
Był jednym z najwyższych królów w średniowieczu (chodzi o cm) Karol Wielki
16%
Wydał Edykt Mediolański (wyznawaj co chcesz) Konstantyn Wielki
15%
Najbogatszy człowiek w historii Mansa Musa I
12%
Był ostatnim Cesarzem Rzymu Romulus Augustulus
12%
Włucznia (ta postać). Była cenną relikwią i symbolem władzy Św. Maurycy
9%
Ukradli a potem wrzucili JEGO sarkowag do Nilu Tutanchamon
9%
Napisał najwięcej komedii w starożytnej Grecji Arystofanes
7%
Na wyspach Los i Chios wzniesiono świątynie ku jego czci Homer
1%
Zwalczał pogaństwo i przyczynił się do rozwoju chrześcijaństwa Justynian Wielki
1%
Jako sześciolatek został koronowany Otton II
1%
Nie znaleziono quizów pasujących do podanych kryteriów
Rozkład punktacji
Procent ludzi z każdym wynikiem
Percentyl według liczby udzielonych odpowiedzi
Twoja historia wyników
Nie rozwiązałeś tego quizu